| 000 | 00750nam0a22002411 4500 | ||
|---|---|---|---|
| 001 | rc\2958525 | ||
| 005 | 20250529235326.0 | ||
| 035 | _a(NLR Aleph) 007105416 | ||
| 090 |
_a6713327 _c6713327 |
||
| 100 | _a20110902d1939 |||y0rusy50 ca | ||
| 101 | 0 | _arus | |
| 102 | _aRU | ||
| 105 | _ay z ||||| | ||
| 200 | 1 | _aОборонно-массовая и физкультурная работа в институте | |
| 210 |
_aКзыл-Орда _cБ. и. _d1939 |
||
| 215 |
_a6 с. _d22 см |
||
| 300 | _aВ изд.: Труды Кзылординского гос. пед. ин-та. Вып. 1 | ||
| 700 | 1 |
_aХван _bА.Н. |
|
| 801 | 0 |
_aRU _bNLR _gpsbo |
|
| 801 | 1 |
_aRU _bELAR _2rusmarc |
|
| 852 |
_aNLR _jП1/278(Вып.1) |
||
| 942 | _cBOOK | ||
| 980 | _aNB | ||